000 00664nam a2200193 a 4500
008 120416s1977 ||||||||||||||||| || u
020 _a0070362475
050 _aHG 179 Lan
100 _aLang, Larry R
245 1 0 _aStrategy for personal finance
260 _aNew York
_bMcGraw-Hill
_c1977
300 _axiv, 594p.: ill
350 _a0.00
490 _aMcGraw-Hill series in finance
500 _aIncludes bibliographies and index.
650 _aFINANCE, PERSONAL
700 _aGillespie, Thomas H
995 _D0.00
_FCBU-MAIN LIBRARY (Kitwe)
_H1
_I12.00
_M1
_UAVAILABLE
_ZMain Library Open Access Collection
999 _c58591
_d58591